000 01708nam a2200385 4500
003 MX-MxINE
005 20260530113910.0
008 260421b1992 mx a|||| |||| 00| 0 spa d
020 _a9682945119
040 _aICI
_bspa
_cICI
050 _aF1219.1Q47
_bH57 1992
100 _eautor
245 _aHistoria y actualidad de los grupos indígenas de Querétaro
_cCarlos Viramontes, Ana Ma. Crespo, Juan Carlos Saint-Charles, Alberto Herrera, Beatriz Cervantes,, Jesús Solís, Genoveva Orañanos, Juan José Bárcenas, Ewald Hekking, Severiano Andrés de Jesús, Paula de Santiago ; Carlos Viramontes, (coord.)
264 1 _aQuerétaro, Qro.
_bGobierno del Estado de Querétaro
264 1 _bInstituto Nacional de Antropología e Historia, Centro Regional Querétaro,
_c 1992
300 _a152 páginas
_b ilustraciones (algunas a color)
336 _2rdacontent
_atexto
337 _2rdamedia
_asin medio
338 _2rdacarrier
_avolumen
500 _a"Octubre de 1992"
650 0 _a Indios de México
_z Querétaro (Estado)
_933291
651 0 _a Querétaro (Querétaro)
_x Historia
_933292
700 1 _a Viramontes, Carlos
_eautor,
_933293
700 1 _a Crespo, Ana María,
_e autor
_933294
700 1 _a Saint-Charles, Juan Charles
_eautor
_933295
700 1 _aHerrera, Alberto,
_e autor
_933296
700 1 _aCervantes, Beatriz,
_e autor
_933297
700 1 _a Solís, Jesús
_eautor
_933298
700 1 _aOrvañanos, Genoveva,
_eautor
_933299
700 1 _aBárcenas, Juan José
_eautor
_933300
700 1 _aHekking, Ewald,
_d1947
_e autor
_933301
700 1 _aAndrés de Jesús, Severiano
_d1956
_eautor
_933302
700 1 _aSantiago, Paula
_d1969
_e autor
_933303
942 _2ddc
_n0
_cBK
999 _c12103
_d12103